000 00432nam a2200121Ia 4500
008 250103s2024 xx 000 0 und d
020 _a978-981-99-7309-5
041 _aeng
100 _aSwaran Singh, Reena Marwah
245 _aIndia and ASEAN in the Indo Pacific
260 _bSpringer Nature Singapore
_c2024
856 _uhttps://link.springer.com/openurl?genre=book&isbn=978-981-99-7309-5
_zhttps://doi.org/10.1007/978-981-99-7309-5
999 _c12753
_d12753